Priebežné výsledky riešenia úloh VEGA 1/0754/11, 1/0187/11 zborník vedeckých statí

Salvato in:
Dettagli Bibliografici
Ente Autore: Fakulta podnikového manažmentu EU. Katedra podnikových financií
Altri autori: Hyránek, Eduard, 1955-, Nagy, Ladislav, Fetisovová, Elena
Natura: Libro
Lingua:slovacco
Pubblicazione: Bratislava Vydavateľstvo EKONÓM 2011
Soggetti:
Tags: Aggiungi Tag
Nessun Tag, puoi essere il primo ad aggiungerne!!

MARC

LEADER 00000nam a2200000 4500
001 0145066
005 20240502072614.9
020 |a 978-80-225-3329-4 
041 0 |a slo 
044 |a SK 
245 1 0 |a Priebežné výsledky riešenia úloh VEGA 1/0754/11, 1/0187/11  |b zborník vedeckých statí  |c redakčné a zostaviteľské Eduard Hyránek, Ladislav Nagy 
264 1 |a Bratislava  |b Vydavateľstvo EKONÓM  |c 2011 
300 |a 49 s. 
610 2 0 |a zdaňovanie medzinárodné 
610 2 0 |a zdaňovanie 
610 2 0 |a rozhodovanie finančné 
610 2 0 |a investície 
610 2 0 |a investovanie 
610 2 0 |a kríza hospodárska 
700 1 |a Hyránek, Eduard, 1955- 
700 1 |a Nagy, Ladislav 
700 1 |a Fetisovová, Elena 
710 2 |a Fakulta podnikového manažmentu EU. Katedra podnikových financií